Statistics for Title in the Lyrics - Christmas Edition

Click here to take the quiz!

General Stats

  • This quiz has been taken 743 times
  • The average score is 8 of 20

Answer Stats

Lyrics % Correct
{Silent} {Night}, Holy Night
90%
The most famous reindeer of all {Rudolph} {the} {Red}-{Nosed} {Reindeer}
85%
{Frosty} {the} {Snowman} was a jolly, happy soul
82%
{Deck} {the} {Halls} with boughs of holly
80%
All I want for Christmas is {My} {Two} {Front} {Teeth}
79%
{Away} {in} {a} {Manger}, no crib for a bed
72%
{Feliz} {Navidad}, Prospero año y felicidad. I wanna wish you a Merry Christmas
72%
{O} {Holy} {Night}, the stars are brightly shining
40%
{Good} {King} {Wenceslas} looked out on the Feast of Stephen
37%
Above all this bustle you'll hear (The sweet sounds of) {Silver} {Bells}
32%
{Up} {On} {the} {Housetop}, reindeer pause, Out jumps good old Santa Claus.
29%
Your baby boy would give sight to a blind man, {Mary} {Did} {You} {Know}?
29%
Ringing through the sky, shepherd boy? {Do} {You} {Hear} {What} {I} {Hear}?
27%
{The} {First} {Noel} the angel did say
25%
{Jolly} {Old} {Saint} {Nicholas}, lean your ear this way
20%
{What} {Child} {Is} {This} who, laid to rest on Mary's Lap is Sleeping
19%
{Oh} {Come}, {Oh} {Come} {Emmanuel} and ransom captive Israel
12%
Elephants, Boats and Kiddie Cars, too. {Santa} {Claus} {is} {Coming} {to} {town}
11%
{I} {Want} {a} {Hippopotamus} {for} {Christmas}, I don't think Santa Claus will mind, do you?
6%
{With} {Wondering} {Awe} The wise men saw the star in heaven springing.
0%

Score Distribution

Percentile by Number Answered

Percent of People with Each Score

Your Score History

You have not taken this quiz